000 00284nam a22001337a 4500
008 181023b xxu||||| |||| 00| 0 eng d
020 _a9780072564020
041 _aeng
080 _a820
100 _a21
101 _aGJL
245 _aWomen's Worlds
_cSchnell,L
942 _2udc
_cBK
999 _c50746
_d50746